Land Registry house price index (Record no. 113226)

MARC details
000 -LEADER
fixed length control field 01219cad a22002175a 4500
001 - CONTROL NUMBER
control field L154906
008 - FIXED-LENGTH DATA ELEMENTS--GENERAL INFORMATION
fixed length control field 120131e20120131xxk 000 0 eng u
035 ## - SYSTEM CONTROL NUMBER
System control number (Sirsi) u154906
041 0# - LANGUAGE CODE
Language code of text/sound track or separate title eng
110 2# - MAIN ENTRY--CORPORATE NAME
Corporate name or jurisdiction name as entry element United Kingdom
Subordinate unit Land Registry
9 (RLIN) 4774
245 00 - TITLE STATEMENT
Title Land Registry house price index
Remainder of title December 2011
Medium [electronic resource]
260 ## - PUBLICATION, DISTRIBUTION, ETC.
Place of publication, distribution, etc. London
Name of publisher, distributor, etc. Land Registry
Date of publication, distribution, etc. 2011
490 #0 - SERIES STATEMENT
Series statement Land Registry House Price Index
Volume/sequential designation December 2011
520 ## - SUMMARY, ETC.
Summary, etc. No change in house prices in England and Wales between November and December 2011 but fell by 1.3% since December 2010. The average house price is £160 384. Prices fell across all regions apart from London with an annual increase of 2.8%. The number of property transactions has decreased over the last year. In July to October 2010, there was an average of 61 274 per month. In the same months this year, the average sales per month were 60 764.
590 ## - LOCAL NOTE (RLIN)
Local note KA NTK
650 24 - SUBJECT ADDED ENTRY--TOPICAL TERM
Topical term or geographic name entry element LAND REGISTRY HOUSE PRICE INDEX
651 #4 - SUBJECT ADDED ENTRY--GEOGRAPHIC NAME
Geographic name England and Wales
Chronological subdivision 1543-
690 ## - LOCAL SUBJECT ADDED ENTRY--TOPICAL TERM (OCLC, RLIN)
Topical term or geographic name as entry element Residential property
9 (RLIN) 6266
856 40 - ELECTRONIC LOCATION AND ACCESS
Uniform Resource Identifier <a href="https://www1.landregistry.gov.uk/upload/documents/HPI_Report_Dec_11_th12aoc15.pdf">https://www1.landregistry.gov.uk/upload/documents/HPI_Report_Dec_11_th12aoc15.pdf</a>
Public note View the report free of charge at www.landreg.gov.uk
942 ## - ADDED ENTRY ELEMENTS (KOHA)
Suppress in OPAC 0
Holdings
Withdrawn status Lost status Source of classification or shelving scheme Damaged status Not for loan Home library Current library Shelving location Date acquired Total Checkouts Full call number Barcode Date last seen Copy number Price effective from Koha item type
    Dewey Decimal Classification     Virtual Virtual Online 31/01/2012   ONLINE PUBLICATION 154906-2001 06/08/2019 1 06/08/2019 Book